000 00423nam a2200157Ia 4500
008 210716s2007 xx 000 0 und d
020 _a9788178297484
041 _aeng
082 _a658.4092 BALS
100 _aBalasubramanian, S.
245 _aArt of business leadership: indian experinces.
_bIndian experiences.
250 _a1
260 _aNew Delhi
_bResponse Books
_c2007
300 _a296
650 _aLeadership
999 _c202581
_d202581